Helicopter money ako nástroj ekonomického oživenia diplomová práca

Salvato in:
Dettagli Bibliografici
Autore principale: Kamenský, Oliver
Ente Autore: Národohospodárska fakulta EU. Katedra bankovníctva a medzinárodných financií
Altri autori: Kotlebová, Jana, 1969-
Natura: Libro
Lingua:slovacco
Pubblicazione: Bratislava 2018
Tags: Aggiungi Tag
Nessun Tag, puoi essere il primo ad aggiungerne!!

MARC

LEADER 00000nbm a2200000 4500
001 0244256
005 20200402090905.3
041 0 |a slo 
044 |a SK 
245 1 0 |a Helicopter money ako nástroj ekonomického oživenia  |b diplomová práca  |c Oliver Kamenský ; školiteľ: Jana Kotlebová 
264 1 |a Bratislava  |c 2018 
300 |a 65 s. 
100 1 |a Kamenský, Oliver 
700 1 |a Kotlebová, Jana, 1969- 
710 2 |a Národohospodárska fakulta EU. Katedra bankovníctva a medzinárodných financií